Survey of LA policies, staffing and resources for the historic environment in Scotland (Record no. 113300)
[ view plain ]
| 000 -LEADER | |
|---|---|
| fixed length control field | 01038cad a22002055a 4500 |
| 001 - CONTROL NUMBER | |
| control field | E155050 |
| 008 - FIXED-LENGTH DATA ELEMENTS--GENERAL INFORMATION | |
| fixed length control field | 120221s2009 xxk f 000 0 eng d |
| 035 ## - SYSTEM CONTROL NUMBER | |
| System control number | (Sirsi) u155050 |
| 041 0# - LANGUAGE CODE | |
| Language code of text/sound track or separate title | eng |
| 110 2# - MAIN ENTRY--CORPORATE NAME | |
| Corporate name or jurisdiction name as entry element | Geoff Peart Consulting |
| 9 (RLIN) | 4207 |
| 245 00 - TITLE STATEMENT | |
| Title | Survey of LA policies, staffing and resources for the historic environment in Scotland |
| Medium | [electronic resource] |
| 260 ## - PUBLICATION, DISTRIBUTION, ETC. | |
| Place of publication, distribution, etc. | Edinburgh |
| Name of publisher, distributor, etc. | Historic Scotland |
| Date of publication, distribution, etc. | 2009 |
| 520 ## - SUMMARY, ETC. | |
| Summary, etc. | Sets out the results of research into the historic environment policies, staffing and resources of local authorities in Scotland. Looks at the effectiveness of such services and the potential impact on the future management of Scotland's historic environment. |
| 651 #4 - SUBJECT ADDED ENTRY--GEOGRAPHIC NAME | |
| Geographic name | Scotland |
| Chronological subdivision | 1999- |
| 690 ## - LOCAL SUBJECT ADDED ENTRY--TOPICAL TERM (OCLC, RLIN) | |
| Topical term or geographic name as entry element | Conservation and restoration |
| 690 ## - LOCAL SUBJECT ADDED ENTRY--TOPICAL TERM (OCLC, RLIN) | |
| Topical term or geographic name as entry element | Planning and development |
| 9 (RLIN) | 6259 |
| 710 1# - ADDED ENTRY--CORPORATE NAME | |
| Corporate name or jurisdiction name as entry element | Arup Planning |
| 856 40 - ELECTRONIC LOCATION AND ACCESS | |
| Uniform Resource Identifier | <a href="https://www.historic-scotland.gov.uk/index/learning/publications/publicationsresultsdetail.htm?id=4f42fb6f7">https://www.historic-scotland.gov.uk/index/learning/publications/publicationsresultsdetail.htm?id=4f42fb6f7</a> |
| Public note | View the item free of charge at www.historic-scotland.gov.uk |
| 942 ## - ADDED ENTRY ELEMENTS (KOHA) | |
| Suppress in OPAC | 0 |
| Withdrawn status | Lost status | Source of classification or shelving scheme | Damaged status | Not for loan | Home library | Current library | Shelving location | Date acquired | Total Checkouts | Full call number | Barcode | Date last seen | Copy number | Price effective from | Koha item type |
|---|---|---|---|---|---|---|---|---|---|---|---|---|---|---|---|
| Dewey Decimal Classification | Virtual | Virtual | Online | 21/02/2012 | ONLINE PUBLICATION | 155050-2001 | 06/08/2019 | 1 | 06/08/2019 | Book |